Động lực học các công trình ngoài khơi

Shranjeno v:
Bibliografske podrobnosti
Glavni avtor: Trần, Công Nghị
Format: Knjiga
Jezik:Undetermined
Izdano: Tp. HCM Đại Học Quốc Gia 20022002
Teme:
Oznake: Označite
Brez oznak, prvi označite!
Thư viện lưu trữ: Trung tâm Học liệu Trường Đại học Cần Thơ
LEADER 00658nam a2200205Ia 4500
001 CTU_101508
008 210402s9999 xx 000 0 und d
020 |c 30000 
082 |a 627.98 
082 |b Ngh300 
100 |a Trần, Công Nghị 
245 0 |a Động lực học các công trình ngoài khơi 
245 0 |c Trần Công Nghị 
260 |a Tp. HCM 
260 |b Đại Học Quốc Gia 
260 |c 20022002 
650 |a Offshore structures,Offshore structures,Offshore structures 
650 |x Hydrodynamics.,Mathematical models.,Dynamics. 
904 |i Minh 
980 |a Trung tâm Học liệu Trường Đại học Cần Thơ